Top 100 Baby Girl Names of 1900 (USA) - Statistics

General Stats
  • This quiz has been taken 319 times
  • The average score is 50 of 100
Answer Stats
Hint Answer % Correct
M Marie
100%
M Mary
100%
A Ann
97%
E Elizabeth
95%
A Anna
89%
H Helen
86%
E Emma
85%
M Margaret
85%
M Marguerite
85%
K Katherine
83%
K Kathryn
83%
C Catherine
82%
L Laura
81%
R Rose
80%
A Alice
78%
F Frances
77%
E Ella
76%
G Grace
74%
R Ruth
73%
E Eva
71%
F Florence
71%
S Sarah
71%
E Eleanor
70%
E Evelyn
70%
L Lillie
70%
L Lottie
70%
E Edith
68%
E Ellen
68%
L Lillian
68%
M Martha
68%
B Betty
67%
L Lucille
66%
L Lucy
66%
D Dorothy
64%
J Julia
63%
N Nora
63%
A Annie
62%
L Louise
62%
N Nancy
58%
E Esther
57%
R Rosa
56%
E Edna
55%
J Josephine
55%
M Mae
53%
C Clara
52%
E Ethel
52%
R Ruby
52%
B Bertha
50%
E Elsie
50%
I Irene
48%
G Georgia
47%
G Gladys
47%
O Olive
47%
B Beatrice
46%
G Gertrude
46%
I Ida
45%
M Mildred
45%
D Daisy
44%
A Ada
43%
M May
43%
V Vera
43%
V Virginia
43%
H Hazel
42%
A Agnes
41%
M Marion
41%
M Maggie
38%
N Nellie
38%
C Cora
37%
M Mabel
37%
B Bessie
36%
S Sallie
35%
P Pauline
34%
P Pearl
34%
D Dora
31%
V Viola
31%
J Jennie
29%
J Jessie
29%
M Maude
29%
M Minnie
29%
B Bernice
28%
S Stella
28%
S Sadie
26%
A Alma
25%
C Carrie
25%
H Hattie
25%
L Lena
24%
F Fannie
22%
M Myrtle
21%
B Blanche
19%
B Beulah
15%
S Susie
15%
T Thelma
15%
M Mattie
14%
L Leona
13%
D Della
11%
W Willie
11%
E Effie
10%
N Nettie
10%
M Mamie
9%
L Lula
6%
No matching quizzes found
Score Distribution
Percent of People with Each Score
Percentile by Number Answered
Your Score History
You have not taken this quiz